|
|
|
|
| LEADER |
00000nam a22000007a 4500 |
| 003 |
cru CIDCACS/IIS |
| 005 |
20230309114346.0 |
| 008 |
201111s1991 nyu|||p|r||||||0| ||eng|d |
| 040 |
|
|
|c CRAI/IIS
|
| 100 |
1 |
|
|9 9714
|a Stover, John
|
| 245 |
1 |
4 |
|a The impact of AIDS on knowledge and attitudes about condoms as a contraceptive method in urban Mexico /
|c John Stover, Mario Alfonso Bravo
|
| 300 |
|
|
|a páginas 61-64
|
| 520 |
|
|
|a sin resumen
|
| 651 |
|
0 |
|9 3410
|a MEXICO
|
| 700 |
1 |
|
|9 9715
|a Bravo, Mario Alfonso
|
| 773 |
0 |
|
|0 43097
|9 5025
|a The Alan Gultmacher Institute
|d New York: The Alan Gultmacher Institute, 1975-
|o 22767
|t International Family Planning Perspectives/
|x 01622749
|
| 942 |
|
|
|2 ddc
|c PP
|
| 999 |
|
|
|c 43491
|d 43491
|